| 000 | 00831nam a22002657a 4500 | ||
|---|---|---|---|
| 005 | 20141028112425.0 | ||
| 008 | 141028t2005 xxudk frb 001 0 eng d | ||
| 020 | _a9780071112932 | ||
| 020 | _a0071112936 | ||
| 040 | _aEG-ScBUE | ||
| 082 | 0 | 0 |
_222 _a174.962 _bMAR |
| 100 | 1 |
_aMartin, Mike W., _936355 _d1946- |
|
| 245 | 1 | 0 |
_aEthics in engineering / _cMike W. Martin, Roland Schinzinger. |
| 250 | _a4th ed. | ||
| 260 |
_aNew York, United States : _bMcGraw-Hill, _cc.2005. |
||
| 300 |
_axi, 339 p. : _bchart, forms ; _c23 cm. |
||
| 500 | _aIncludes appendixes. | ||
| 500 | _aIndex : p. 326-339. | ||
| 504 | _aIncludes bibliographical references. | ||
| 650 | 0 |
_aEngineering ethics _936356 |
|
| 653 |
_bENGGEN _cOctober2014 |
||
| 655 |
_vtext book _933728 |
||
| 700 | 1 |
_aSchinzinger, Roland _936357 |
|
| 942 |
_2ddc _k174.962 MAR |
||
| 999 |
_c18511 _d18483 |
||